Sports Quiz

Random Sports or Baseball Quiz
Score 0/20 Timer 06:00
0 Plays Today
% Correct
Referees
92.9%
Bracket
91.4%
Boxing
87.3%
Kite Flying
84.1%
Underwear
84.1%
World War II
83.8%
Long jump
81.9%
Pittsburgh
81.8%
Roger Federer
79.8%
Face-Off
79.2%
% Correct
Feathers
75.7%
Tim Tebow
71.1%
World Series
70.1%
Incomplete
69.7%
Wilt Chamberlain
68.6%
Clayton Kershaw
62.7%
Roger Maris
57.2%
Bill Buckner
52.7%
Liechtenstein
36%
Roger Bannister
35%
Remove Ads.
Support Sporcle.
Get the best of Sporcle when you Go Orange. This ad-free experience offers more features, more stats, and more fun while also helping to support Sporcle. Thank you for becoming a member.

You're not logged in!

Compare scores with friends on all Sporcle quizzes.
OR
Log In

Show Comments

Extras

Top Quizzes Today


Score Distribution

Your Account Isn't Verified!

In order to create a playlist on Sporcle, you need to verify the email address you used during registration. Go to your Sporcle Settings to finish the process.

Report this User

Report this user for behavior that violates our Community Guidelines.

Details: